Sing-along praise : (Record no. 7252)

MARC details
000 -LEADER
fixed length control field 00592nam a22001937a 4500
003 - CONTROL NUMBER IDENTIFIER
control field GBCCL
005 - DATE AND TIME OF LATEST TRANSACTION
control field 20241126110623.0
008 - FIXED-LENGTH DATA ELEMENTS--GENERAL INFORMATION
fixed length control field 180719b ||||| |||| 00| 0 eng d
020 ## - INTERNATIONAL STANDARD BOOK NUMBER
International Standard Book Number 0570052459
040 ## - CATALOGING SOURCE
Transcribing agency gbc
082 ## - DEWEY DECIMAL CLASSIFICATION NUMBER
Classification number 268.432
Item number STO
100 ## - MAIN ENTRY--PERSONAL NAME
Personal name Stohs, Anita Reith
9 (RLIN) 12839
245 ## - TITLE STATEMENT
Title Sing-along praise :
Remainder of title piggyback songs about God's love /
Statement of responsibility, etc. Anita Reith Stohs
260 ## - PUBLICATION, DISTRIBUTION, ETC.
Place of publication, distribution, etc. St. Louis:
Name of publisher, distributor, etc. Concordia Publishing House,
Date of publication, distribution, etc. 1999
300 ## - PHYSICAL DESCRIPTION
Extent 64 p.;
Other physical details ill.,
Dimensions 28 cm.
440 ## - SERIES STATEMENT/ADDED ENTRY--TITLE
Title CPH teaching resources,
Volume/sequential designation grades prek-3.
9 (RLIN) 12841
650 ## - SUBJECT ADDED ENTRY--TOPICAL TERM
Topical term or geographic name entry element Children's songs.
9 (RLIN) 12840
942 ## - ADDED ENTRY ELEMENTS (KOHA)
Source of classification or shelving scheme Dewey Decimal Classification
Koha item type Books
Holdings
Withdrawn status Lost status Source of classification or shelving scheme Damaged status Not for loan Home library Current Library Shelving location Date acquired Total checkouts Full call number Barcode Date last seen Copy number Price effective from Koha item type
    Dewey Decimal Classification     GRACE BIBLE COLLEGE GRACE BIBLE COLLEGE Ministry & Mission 2018-07-19   268.432 STO 006064 2025-05-01 c.1 2018-07-19 Books
© Grace Bible College Library 2025